000
00489nam a2200181Ia 4500
008
090124s9999 xx 000 0 und d
082
_b
29415
100
_a
आवटे लीला
245
_a
डॉ. रामन
250
_a
0
260
_b
लोकवाड्.मय गृह
_c
1990
300
_a
46
600
_a
आवटे लीला
630
_a
डॉ. रामन
700
_a
आवटे लीला
730
_a
डॉ. रामन
942
_c
BOOK
999
_c
96771
_d
96771